书目信息 |
| 题名: |
公民法律程序问题--法律向导
|
|
| 作者: | 陈正云 , 孙明 编著 | |
| 分册: | ||
| 出版信息: | 北京 法律出版社 1999.09 |
|
| 页数: | 155页 | |
| 开本: | 32开 | |
| 丛书名: | ||
| 单 册: | ||
| 中图分类: | D925.05-44 | |
| 科图分类: | ||
| 主题词: | 法律--中国 | |
| 电子资源: | ||
| ISBN: | 7-5036-1981-3 | |
| 000 | 00632nam0 2200205 45 | |
| 001 | 0010261884 | |
| 005 | 20001026181611.3 | |
| 010 | @a7-5036-1981-3@d9.00元 | |
| 100 | @a20001026d1999 km y0chiy0120 ea | |
| 101 | 0 | @achi |
| 105 | @a z 000yy | |
| 200 | 1 | @a公民法律程序问题--法律向导@AGong Min Fa Lu Cheng Xu Wen Ti--Fa Lu Xiang Dao@f陈正云,孙明编著@FChen Zheng Yun,Sun Ming Bian Zhu |
| 210 | @a北京@c法律出版社@d1999.09 | |
| 215 | @a155页@d32开 | |
| 606 | 0 | @a法律@x中国 |
| 690 | @aD925.05-44@v3 | |
| 701 | 0 | @a陈正云@4编著 |
| 701 | 0 | @a孙明@4编著 |
| 801 | @aCN@bPftUser@c20001026 | |
| 905 | @b191485-487@dD925.05-44@eCH931@f3 | |
| 公民法律程序问题--法律向导/陈正云,孙明编著.-北京:法律出版社,1999.09 |
| 155页;32开 |
| ISBN 7-5036-1981-3:9.00元 |
| ● |
| 相关链接 |
|
|
|
正题名:公民法律程序问题--法律向导
索取号:D925.05-44/CH931
 
预约/预借
| 序号 | 登录号 | 条形码 | 馆藏地/架位号 | 状态 | 备注 |
| 1 | 191485 | 201914857 | 社科库509/509社科库 100排1列4层/ [索取号:D925.05-44/CH931] | 在馆 | |
| 2 | 191486 | 201914866 | 社科库509/509社科库 100排1列4层/ [索取号:D925.05-44/CH931] | 在馆 | |
| 3 | 191487 | 201914875 | 社科库509/509社科库 100排1列4层/ [索取号:D925.05-44/CH931] | 在馆 |